UM Logo

Handbook of pathophysiology / (Record no. 7045)

MARC details
000 -LEADER
fixed length control field 00751nam a22001937a 4500
008 - FIXED-LENGTH DATA ELEMENTS--GENERAL INFORMATION
fixed length control field 170718b xxu||||| |||| 00| 0 eng d
020 ## - INTERNATIONAL STANDARD BOOK NUMBER
International Standard Book Number 978-0-7817-9846-4
082 ## - DEWEY DECIMAL CLASSIFICATION NUMBER
Edition number 2008
Classification number DC 616.07 22
Item number C81
100 ## - MAIN ENTRY--PERSONAL NAME
9 (RLIN) 21313
Personal name Corwin, Elizabeth J.
245 ## - TITLE STATEMENT
Title Handbook of pathophysiology /
Statement of responsibility, etc. Elizabeth J. Corwin
250 ## - EDITION STATEMENT
Edition statement Third Edition
260 ## - PUBLICATION, DISTRIBUTION, ETC. (IMPRINT)
Place of publication, distribution, etc. Philadelphia :
Name of publisher, distributor, etc. Wolters Kluwer Health/Lippincott Williams & Wilkins,
Date of publication, distribution, etc. c2008
300 ## - PHYSICAL DESCRIPTION
Extent xviii, 750 pages, 16 pages of plates :
Other physical details illustrations (some col.) ;
Dimensions 22 cm
500 ## - GENERAL NOTE
General note Includes bibliographical references and index.
650 #0 - SUBJECT ADDED ENTRY--TOPICAL TERM
9 (RLIN) 21314
Topical term or geographic name as entry element Physiology, Pathological -- Handbooks, manuals, etc
650 #0 - SUBJECT ADDED ENTRY--TOPICAL TERM
9 (RLIN) 21315
Topical term or geographic name as entry element Pathology
650 #0 - SUBJECT ADDED ENTRY--TOPICAL TERM
9 (RLIN) 21316
Topical term or geographic name as entry element Physiological Phenomena
942 ## - ADDED ENTRY ELEMENTS (KOHA)
Source of classification or shelving scheme Dewey Decimal Classification
Koha item type Circulation
Holdings
Withdrawn status Lost status Source of classification or shelving scheme Damaged status Not for loan Collection code Home library Current library Date acquired Source of acquisition Total Checkouts Full call number Barcode Date last seen Copy number Price effective from Koha item type
    Dewey Decimal Classification     Circulation UM Digos College - LIC UM Digos College - LIC   Donated   DC 616.07 22 C81 2008 24694 05/15/2025 1 07/18/2017 Circulation